| 000 | 00653cam a2200217 4500 | ||
|---|---|---|---|
| 001 | WB3541-03 | ||
| 008 | 000000n1999 000 0 eng u | ||
| 035 | _a(Sirsi) u100567 | ||
| 245 | _aTaskforce to push Egan in councils | ||
| 260 | _c1999 | ||
| 490 |
_aBuilding _v264( 8108) 15 October 1999, 13(1) |
||
| 520 | _aThe Local Government Taskforce has been set up to promote Egan reforms in local government. | ||
| 590 | _aWB | ||
| 650 | _aEGAN REFORMS | ||
| 650 | _aLOCAL GOVERNMENT | ||
| 650 | _aLOCAL GOVERNMENT TASKFORCE | ||
| 650 | _aMOVEMENT FOR INNOVATION | ||
| 650 | _aLOCAL AUTHORITIES | ||
| 690 | _aBUILT ENVIRONMENT | ||
| 942 | _n0 | ||
| 999 |
_c60161 _d60161 |
||